01128nam a2200301 i 4500001001000000003000900010005001700019007000300036008004100039040003000080041000700110082002300117100005700140245006200197264004400259300005300303336002700356337003300383338002800416490002800444500007300472590002700545651004600572910000700618942001400625952017000639999001700809000026717DO-SdBNP20250723095818.0ta250723s1982 dr ab r 000 0 spa d aDO-SdBNPbspacBNPHUerda asp 4a917.293bF954g2221 aFuente García, Santiago de la,eautor4aut.95382410aGeografía dominicana /cSantiago de la Fuente García. 4aSanto Domingo :bCaribe Grolier,c1982. a151, páginas :bilustraciones, mapas ;c29 cm. atextobtxt2rdacontent asin mediaciónbn2rdamedia avolumenbnc2rdacarrier aColecciones dominicanas aIncluye referencias bibliográficas y notas al pie de las páginas aInventariado, 2025/ DG 4aRepública DominicanaxGeografía95410 aDG 2ddccLBS1 00102ddc51708PDaBNPHUbBNPHUcCTd2025-07-23edonaciónl0oBNPHU PD 917.293 F954gp2025-7061r2025-07-23w2025-07-23yLBS1zDonado por Ylonka Nacidit Perdomo c59618d59618